| 000 | 00489nam a2200181Ia 4500 | ||
|---|---|---|---|
| 999 |
_c32479 _d32479 |
||
| 003 | OSt | ||
| 005 | 20200806114733.0 | ||
| 008 | 190216s9999||||xx |||||||||||||| ||und|| | ||
| 020 | _a0824779428 | ||
| 040 | _coclc | ||
| 082 |
_a511.6 _bWAL/C |
||
| 100 |
_aWallis, W D _94004 |
||
| 245 | 0 |
_aCombinatorial Designs / _cW D Wallis |
|
| 260 |
_bA Blackwell, Oxford, _c1988. |
||
| 300 | _a329p | ||
| 650 | _aMathe Matics | ||
| 942 |
_cBK _2ddc _h511.6 _iWAL/C _k511.6 _mWAL/C |
||